1958 1425 1096 1278 1750 1970 1223 1929 1224 1281 1521 1716 1248 1454 1700 1449 1454 1211 1429 1459 1539 1760 1295 1648 1191 1439 1690 1955 1349 1632 1262 1705 1955 1267 1406 1562 1154 1707 1011 1969 1285 1915 1562 1913 1277 1960 1624 1255 1581 1962 1248 1933 1847 1853 1996 1059 1229 1255 1843 1702 1712 1660 1325 1915 1437 1895 1400 1089 1467 1103 1764 1744 1136 1783 1166 1098 1146 1214 1674 1378 1003 1797 1100 1650 1828 1030 1916 1583 1773 1029 1852 1818 1887 1469 1160 1672 1120 1567 1354 BCNSPRNW ULIB Ver.6.0+V

เปลี่ยนเป็นภาษาไทย

Change to English
 แสดงรายละเอียดบรรณานุกรม
  กลับหน้าหลัก

Brief Record : Get Marc (ISO 2709) : E-mail record : QR code < ปิดหน้าต่าง
LEADER : 00000nam 2200000uu 4500
001    13399110252
003     ULIB
008    110427s2547||||th 000 0 tha d
020    9742728739
060  4 WM100^bส241ส 2547
100 0  สมชาย สำราญเวชพร
245 10 เสียงหัวร่อจากห้องตรวจจิตแพทย์ /^cสมชาย สำราญเวชพร
246 32 การฝึกภาคปฏิบัติการผ่อนคลายกล้ามเนื้อ
250    พิมพ์ครั้งที่ 1
260    กรุงเทพฯ :^bหมอชาวบ้าน,^c2547
300    109 หน้า ;^c19 ซม. +^e1 วีซีดี
500    วีซีดี ให้ชื่อว่า: การฝึกภาคปฏิบัติการผ่อนคลายกล้ามเนื้อ. (CD-Med ส241ก2547)
650  2 Psychiatry^xpopular works
945    ^p130^l0^i019041
995    ทศพร
999 ^a ใช้งานได้ทุกระบบ
รายการนี้ยังไม่มีแท็ก
คุณยังไม่ได้ล็อกอิน คุณสามารถมีกิจกรรมร่วมกับเว็บไซต์ได้ แต่ต้องล็อกอินก่อน ::
  ล็อกอิน

รายการสื่อสารสนเทศ

ลำดับที่ ประเภท เลขเรียก/บาร์โค้ด สถานที่ สถานะ
- ไม่พบข้อมูล -

รายการใกล้เคียง
    ผู้แต่ง [สมชาย สำราญเวชพร]

BibComment


ยังไม่เคยถูกคอมเมนท์

คอมเมนท์ทรัพยากรรายการนี้
  คอมเมนท์: เสียงหัวร่อจากห้อ..


 Copyright 2026. Bcnsprnw @Library